000
00318nam a22001457a 4500
020
_a
978-352-75730-5
082
_a
823
_b
BRY/T
100
_a
BRYANT, MEGAN.E
245
_a
TINY GENUUSES
260
_a
LONDON
_b
SCHOLASTIC INC
_c
2018
300
_a
119
520
_a
ENGLISH NOVEL
650
_a
ENGLISH NOVEL
942
_c
BK
999
_c
5648
_d
5648